[Event "DEN-ch Seniors"]
[Site "Aalborg"]
[Date "2023.02.19"]
[Round "3"]
[White "Bohnstedt, Michael"]
[Black "Nielsen, Bent K"]
[Result "0-1"]
[WhiteElo "1470"]
[BlackElo "1304"]
[PlyCount "119"]
[EventDate "2023.02.19"]
[EventType "swiss"]
[EventRounds "7"]
[EventCountry "DEN"]
[SourceTitle "CBM 213 Extra"]
[Source "ChessBase"]
[SourceDate "2023.05.31"]
[SourceVersion "1"]
[SourceVersionDate "2023.05.31"]
[SourceQuality "1"]

1. e4 c5 2. Nf3 d6 3. c3 Nf6 4. Be2 Nc6 5. d3 Qc7 6. Bf4 Nh5 7. Be3 Nf6 8. Nbd2 e6 9. 0-0 Be7 10. d4 b6 11. Qc2 Bb7 12. Rad1 0-0 13. Nb3 Rad8 14. d5 exd5 15. exd5 Ne5 16. c4 b5 17. Nxe5 dxe5 18. cxb5 Bxd5 19. Bxc5 Bxb3 20. Qxb3 Qxc5 21. Rc1 Qb4 22. Qe3 Qd4 23. Qb3 Rc8 24. Rcd1 Qb6 25. a4 Bc5 26. Qf3 e4 27. Qh3 Rcd8 28. Rde1 Nd5 29. Bd1 Rde8 30. Bc2 Nf6 31. Re2 Re5 32. Kh1 h5 33. f3 Qe6 34. Qg3 Re8 35. f4 Rd5 36. Bb3 Bd6 37. Bxd5 Nxd5 38. Qh4 Qg4 39. Qe1 Nxf4 40. h3 Qg5 41. Qd2 Qe5 42. Re3 Nd5 43. g3 Nxe3 44. Qxe3 Qxg3 45. Qxg3 Bxg3 46. Kg2 h4 47. Rd1 Kf8 48. Kf1 f5 49. a5 e3 50. Ke2 Bb8 51. Rd5 g6 52. a6 f4 53. Rd3 g5 54. Rb3 Re6 55. Rd3 Ke7 56. Rc3 Kd7 57. Rc5 f3+ 58. Kxf3 e2 59. Rd5+ Ke7 60. b6 0-1

[Event "DEN-ch Seniors 65+"]
[Site "Odder"]
[Date "2019.02.12"]
[Round "2"]
[White "Hvenekilde, Jorgen"]
[Black "Nielsen, Bent K"]
[Result "1-0"]
[WhiteElo "2032"]
[BlackElo "1278"]
[PlyCount "78"]
[EventDate "2019.02.11"]
[EventType "swiss"]
[EventRounds "7"]
[EventCountry "DEN"]
[SourceTitle "CBM 189 Extra"]
[Source "ChessBase"]
[SourceDate "2019.06.03"]
[SourceVersion "1"]
[SourceVersionDate "2019.06.03"]
[SourceQuality "1"]

1. e4 e5 2. Nf3 Nc6 3. Bc4 Be7 4. 0-0 Nf6 5. d3 d5 6. exd5 Nxd5 7. h3 0-0 8. Re1 f6 9. Nc3 Be6 10. d4 Na5 11. Bxd5 Bxd5 12. Nxd5 Qxd5 13. dxe5 Rad8 14. Qxd5+ Rxd5 15. Bd2 fxe5 16. Bxa5 Rxa5 17. Rxe5 Rxe5 18. Nxe5 Bc5 19. Nd3 Bd6 20. Re1 g6 21. Re4 Rf7 22. Kf1 Kf8 23. Ke2 b5 24. a4 a6 25. g3 c5 26. Re6 Re7 27. Rxe7 Kxe7 28. axb5 axb5 29. b3 Ke6 30. c4 bxc4 31. bxc4 g5 32. Kf3 h5 33. Ke4 Be7 34. f4 h4 35. g4 Kd6 36. fxg5 Bxg5 37. Ne5 Ke6 38. Nf3 Bd8 39. g5 Ba5 1-0

[Event "DEN-ch Seniors 65"]
[Site "Randers"]
[Date "2015.02.12"]
[Round "6"]
[White "Nielsen, Poul Ehlers"]
[Black "Nielsen, Bent K"]
[Result "1-0"]
[WhiteElo "1366"]
[BlackElo "1454"]
[PlyCount "33"]
[EventDate "2015.02.07"]
[EventType "swiss"]
[EventRounds "7"]
[EventCountry "DEN"]
[SourceTitle "EXT 2016"]
[Source "ChessBase"]
[SourceDate "2015.10.08"]
[SourceVersion "1"]
[SourceVersionDate "2015.10.08"]
[SourceQuality "1"]

1. e4 c5 2. d4 cxd4 3. c3 dxc3 4. Nxc3 g6 5. Qd4 f6 6. Bc4 Nc6 7. Qd5 e6 8. Qd2 Ne5 9. Bb3 Bh6 10. Qd6 Nf7 11. Qc5 Qe7 12. Qc7 Qd8 13. Qc5 Qe7 14. Qd4 Qd6 15. Qa4 Bxc1 16. Rxc1 Ne7 17. Nb5 1-0

[Event "DEN-ch Seniors 65"]
[Site "Randers"]
[Date "2015.02.11"]
[Round "5"]
[White "Nielsen, Bent K"]
[Black "Ehlers, Kjeld"]
[Result "0-1"]
[WhiteElo "1454"]
[BlackElo "1538"]
[PlyCount "44"]
[EventDate "2015.02.07"]
[EventType "swiss"]
[EventRounds "7"]
[EventCountry "DEN"]
[SourceTitle "EXT 2016"]
[Source "ChessBase"]
[SourceDate "2015.10.08"]
[SourceVersion "1"]
[SourceVersionDate "2015.10.08"]
[SourceQuality "1"]

1. e4 c5 2. Nc3 d6 3. Bb5+ Nd7 4. d3 Ngf6 5. f4 a6 6. Bxd7+ Bxd7 7. Nf3 Bc6 8. 0-0 e6 9. Kh1 Be7 10. e5 dxe5 11. fxe5 Nd5 12. Ne2 0-0 13. c4 Nb4 14. d4 Bxf3 15. Rxf3 cxd4 16. Nxd4 Bc5 17. Be3 Qb6 18. Qe2 Bxd4 19. Bxd4 Qxd4 20. Rd1 Qb6 21. Rd6 Nc6 22. Rfd3 Rad8 0-1

[Event "DEN-ch Senior"]
[Site "Skorping"]
[Date "2014.04.17"]
[Round "1"]
[White "Nielsen, Bent K"]
[Black "Jorgensen, Orla Eilegaard"]
[Result "0-1"]
[WhiteElo "1680"]
[BlackElo "1511"]
[PlyCount "73"]
[EventDate "2014.04.17"]
[EventType "swiss"]
[EventRounds "5"]
[EventCountry "DEN"]
[SourceTitle "EXT 2023"]
[Source "ChessBase"]
[SourceDate "2022.10.05"]
[SourceVersion "1"]
[SourceVersionDate "2022.10.05"]
[SourceQuality "1"]

1. e4 c6 2. d3 d5 3. exd5 cxd5 4. g3 Nf6 5. Bg2 Nc6 6. Bd2 Qb6 7. Qc1 Bf5 8. Nf3 h6 9. 0-0 e6 10. h3 Bd6 11. Be3 d4 12. Bd2 Rc8 13. Na3 Bb8 14. Nc4 Qd8 15. Re1 b5 16. Nce5 Nxe5 17. Nxe5 Bxe5 18. Rxe5 Bxd3 19. Qe1 Rxc2 20. Rxb5 Bxb5 21. Ba5 Qd6 22. Bb4 Qd7 23. Qe5 Qc7 24. Qxb5+ Nd7 25. Bb7 Qb6 26. Qxb6 axb6 27. Bc6 f6 28. Rd1 e5 29. Rd3 Rxb2 30. Ra3 Kf7 31. Bd5+ Kg6 32. h4 Nc5 33. h5+ Kxh5 34. Ra7 g6 35. Bf3+ Kg5 36. Rf7 Re8 37. Bb7 0-1